[Event "Rohde op 12th"]
[Site "Sautron"]
[Date "2012.11.??"]
[Round "8"]
[White "Noblet, Renald"]
[Black "Niepceron, Hugo"]
[Result "1-0"]
[WhiteElo "2041"]
[BlackElo "1568"]
[PlyCount "53"]
[EventDate "2012.10.27"]
[EventType "swiss"]
[EventRounds "9"]
[EventCountry "FRA"]
[SourceTitle "EXT 2014"]
[Source "ChessBase"]
[SourceDate "2013.11.20"]
[SourceVersion "1"]
[SourceVersionDate "2013.11.20"]
[SourceQuality "1"]

1. e4 c5 2. Nf3 Nc6 3. d4 cxd4 4. Nxd4 g6 5. Nc3 Bg7 6. Be3 Nf6 7. Be2 0-0 8. Nb3 d6 9. f3 Be6 10. Qd2 a6 11. 0-0-0 Rc8 12. h4 Nh5 13. g4 Ng3 14. Rh2 Nb4 15. Kb1 Qc7 16. Bd4 Nxe2 17. Rxe2 Bxd4 18. Qxd4 a5 19. g5 Nc6 20. Qf2 Bc4 21. Red2 b5 22. h5 a4 23. Nd4 b4 24. Nxa4 Qa5 25. b3 Nxd4 26. Qxd4 Bb5 27. h6 1-0